Aithihyamaala : (Record no. 43959)

MARC details
000 -LEADER
fixed length control field 01173nam a22002537a 4500
005 - DATE AND TIME OF LATEST TRANSACTION
control field 20100906121217.0
008 - FIXED-LENGTH DATA ELEMENTS--GENERAL INFORMATION
fixed length control field 100906t xxu||||| |||| 00| 0 eng d
010 ## - LCCN (DPL NO)
LC control number ENG-101428-429
020 ## - INTERNATIONAL STANDARD BOOK NUMBER
International Standard Book Number 9788182648432 (V.1)
Terms of availability 300.00
020 ## - INTERNATIONAL STANDARD BOOK NUMBER
International Standard Book Number 9788182648449 (V.2)
Terms of availability 300.00
035 ## - SYSTEM CONTROL NUMBER
System control number EN-84961-84962
037 ## - SOURCE OF ACQUISITION
Source of stock number/acquisition DBAD/PUB
040 ## - CATALOGING SOURCE
Original cataloging agency dpl
Language of cataloging Eng
082 ## - DEWEY DECIMAL CLASSIFICATION NUMBER
Classification number 398.2095483
100 ## - MAIN ENTRY--PERSONAL NAME
Personal name Sankunni,Kottarathil
9 (RLIN) 18550
245 ## - TITLE STATEMENT
Title Aithihyamaala :
Remainder of title the great legends of Kerala /
Statement of responsibility, etc by Kottarathil Sankunni ; translated by Sreekumari Ramachandran
260 ## - PUBLICATION, DISTRIBUTION, ETC. (IMPRINT)
Place of publication, distribution, etc Kozhikode
Name of publisher, distributor, etc Mathrubhumi Books
Date of publication, distribution, etc 2010
270 ## - ADDRESS
Address Mathrubhumi Buildings,K P Kesava Menon Road
City Kozhikode
Postal code 673001
300 ## - PHYSICAL DESCRIPTION
Extent 2v.(560;560p.)
Dimensions 23cm (pbk)
700 ## - ADDED ENTRY--PERSONAL NAME
Personal name Ramchandran,Sreekumari
9 (RLIN) 18551
942 ## - ADDED ENTRY ELEMENTS (KOHA)
Source of classification or shelving scheme Dewey Decimal Classification
Item type English Books
Call number suffix SAN
Classification part 398.2095483
Holdings
Withdrawn status Lost status Source of classification or shelving scheme Materials specified (bound volume or other part) Damaged status Not for loan Collection code Home library Current library Date acquired Source of acquisition Cost, normal purchase price Total Checkouts Full call number Barcode Date last seen Copy number Cost, replacement price Koha item type Public note
    Dewey Decimal Classification V.1   Not For Loan Non-fiction D.B.Act.Division D.B.Act.Division 06/09/2010 DBAD/PUB 300.00   398.2095483 SAN EN-84961 06/09/2010 1 300.00 English Books  
    Dewey Decimal Classification V.2   Not For Loan Non-fiction D.B.Act.Division D.B.Act.Division 06/09/2010 DBAD/PUB 300.00   398.2095483 SAN EN-84962 06/09/2010 1 300.00 English Books V.2

© Delhi Public Library
Hit Counter
free hit counter